000
00265nam a22001217a 4500
003
SGT
082
_a
370
_b
HAN
100
_a
HANS, ASHA
245
_a
DISABILITY GENDER AND THE TRAJECTORIES OF POWER
260
_a
USA
_b
SAGE
_c
2004
300
_a
278
942
_2
ddc
_c
BK
999
_c
17800
_d
17800